Guess the singers - Statistiques

Statistiques générales
  • Ce quiz a été pris 286 fois
  • Le résultat moyen est 6 sur 16
Statistiques - réponses
Par images Réponse % Correct
Ariana grande
100%
Adele
91%
Mac miller
66%
Bad bunny
62%
Rosalia
61%
Frank Ocean
39%
A$ap Rocky
33%
Kalash
33%
Dave
22%
alpha wann
19%
Partynextdoor
16%
Vacra
16%
Jok’air
15%
Summer Walker
11%
Zamdane
11%
Nemir
3%
Aucun quiz correspondant
Distribution des résultats
% des personnes avec chaque résultat
Percentile par nombre de réponses
Votre historique - résultats
Vous n’avez pas pris ce quiz